Statistics for Highest Grossing Pixar Movies

Click here to take the quiz!

General Stats

  • This quiz has been taken 29 times
    (11 since last reset)
  • The average score is 13 of 15

Answer Stats

#Money EarnedMovie% Correct
13$559,852,396Cars 2 (2011)
100%
12$579,707,738Monsters, Inc. (2001)
100%
15$511,358,276Toy Story 2 (1999)
100%
3$1,066,970,811Toy Story 3 (2010)
100%
2$1,073,394,593Toy Story 4 (2019)
100%
14$532,508,025WALL-E (2008)
100%
5$940,352,645Finding Nemo (2003)
89%
8$743,559,645Monsters University (2013)
89%
9$735,099,102Up (2009)
89%
4$1,028,570,942Finding Dory (2016)
78%
1$1,243,089,244Incredibles 2 (2018)
78%
6$858,848,019Inside Out (2015)
78%
11$623,726,085Ratatouille (2007)
78%
7$807,817,888Coco (2017)
67%
10$631,607,053The Incredibles (2004)
56%

Score Distribution

Percentile by Number Answered

Percent of People with Each Score

Your Score History

You have not taken this quiz since the last reset